000 00442nab a2200145Ia 4500
003 ES-SlBCS
005 20210601124057.0
008 140529s1982 xxu||||| |||| 00| 0 eng d
041 _aeng
100 1 _aAlthann, Robert
_9134706
245 0 0 _aConsonantal ym: Ending or Noun in Isa 3,13; Jer 17,16; 1 Sam 6,19
_c Robert Althann
630 0 4 _aIsaías 3
_9134854
773 0 _tBiblica
_gvol. 63, nº. 4, 1982, págs. 560-565
_wRev78
942 _cAR
999 _c508882
_d508882